000
00227nam a2200121Ia 4500
100
_a
MARSDEN
942
_c
BK
245
_a
HOW TO INCREASE PRODUCTIVITY
260
_b
#N/A
300
_a
193
546
_a
ENGLISH
999
_c
34974
_d
34974